Dialah di hati
| Main Author: | |
|---|---|
| Format: | Book |
| Language: | Malay |
| Published: |
Kuala Lumpur :
Tintarona Pub. ,
2006
|
| Subjects: |
MARC
| LEADER | 00000cam a2200000 7i4500 | ||
|---|---|---|---|
| 001 | 0000022284 | ||
| 005 | 20090506.0 | ||
| 008 | 090506s my may | ||
| 020 | |a 9833514030 , |c RM25.50 | ||
| 040 | |a INS | ||
| 090 | 0 | 0 | |a PL5136 |b N87 2006 |
| 100 | 0 | |a Nurhazma | |
| 245 | 1 | 0 | |a Dialah di hati |c Nurhazma |
| 260 | |a Kuala Lumpur : |b Tintarona Pub. , |c 2006 | ||
| 300 | |a 611ms. : |b 23cm | ||
| 650 | 0 | |a Malay fiction | |
| 999 | |a 0000020844 |b BOOK |c Open Shelf |e Default branch | ||